书目信息 |
| 题名: |
大众传播理论
|
|
| 作者: | 刘海龙 著 | |
| 分册: | ||
| 出版信息: | 北京 中国人民大学出版社 2008.02 |
|
| 页数: | 458页 | |
| 开本: | 23cm | |
| 丛书名: | 21世纪传播学系列教材 | |
| 单 册: | ||
| 中图分类: | G206.3 | |
| 科图分类: | ||
| 主题词: | 大众传播--理论研究--教材 | |
| 电子资源: | ||
| ISBN: | 978-7-300-08629-3 | |
| 000 | 00907oam2 2200265 450 | |
| 001 | 012004227241 | |
| 005 | 20091207084629.17 | |
| 010 | @a978-7-300-08629-3@dCNY48.00 | |
| 100 | @a20080401d2008 em y0chiy0110 ea | |
| 101 | 0 | @achi |
| 102 | @aCN@b110000 | |
| 105 | @aa z 000yy | |
| 106 | @ar | |
| 200 | 1 | @a大众传播理论@9da zhong chuan bo li lun@e范式与流派@f刘海龙著 |
| 210 | @a北京@c中国人民大学出版社@d2008.02 | |
| 215 | @a458页@c图表@d23cm | |
| 225 | 2 | @a21世纪传播学系列教材 |
| 300 | @a本成果受到中国人民大学“985工程”中国新闻传播研究哲学社会科学创新基地的支持 | |
| 330 | @a本书内容包括:传播的六种话语、大众传播的影响:社会心理取向、批判理论的兴起和传播政治经济学派等。 | |
| 461 | 0 | @12001 @a21世纪传播学系列教材 |
| 606 | 0 | @a大众传播@x理论研究@j教材 |
| 690 | @aG206.3@v4 | |
| 701 | 0 | @a刘海龙@9liu hai long@4著 |
| 801 | 0 | @aCN@bNLC@c20091207 |
| 905 | @b20795798-802@dG206.3@e295@f5 | |
| 大众传播理论:范式与流派/刘海龙著.-北京:中国人民大学出版社,2008.02 |
| 458页:图表;23cm.-(21世纪传播学系列教材) |
| 本成果受到中国人民大学“985工程”中国新闻传播研究哲学社会科学创新基地的支持 |
| ISBN 978-7-300-08629-3:CNY48.00 |
| 本书内容包括:传播的六种话语、大众传播的影响:社会心理取向、批判理论的兴起和传播政治经济学派等。 |
| ● |
| 相关链接 |
|
|
|
|
正题名:大众传播理论
索取号:G206.3/295
 
预约/预借
| 序号 | 登录号 | 条形码 | 馆藏地/架位号 | 状态 | 备注 |
| 1 | 795798 | 207957987 | 第一样本阅览室/ [索取号:G206.3/295] | 在馆 | |
| 2 | 795799 | 207957996 | 第四借阅区/ [索取号:G206.3/295] | 在馆 | |
| 3 | 795800 | 207958003 | 第四借阅区/ [索取号:G206.3/295] | 在馆 | |
| 4 | 795801 | 207958012 | 第四借阅区/ [索取号:G206.3/295] | 在馆 | |
| 5 | 795802 | 207958021 | 密集书库-文学院/ [索取号:G206.3/295] | 在馆 |